00333 2200121 4500001002100000008004100021035002000062245004500082100001800127260004000145084001600185650001000201INLIS000000000001023 ind  a0010-0325001019 aAn Introduction To The Miracle Of Giving aMansur, Yusuf bLINI ZIKRUL MEDIA INTELEKTUALc2011 a297.4.MAN.A aAgama